000 00518nam a2200217 a 4500
999 _c4569
_d4569
001 4569
003 BD-JhCC
005 20171128182717.0
008 171128s a |||| ||a| 000 0 eng d
035 _a(BD-JhCC) 4569
040 _aBD-JhCC
_dBD-JhCC
041 _aeng
082 _a919.4
_bHER
100 _aHerdman, T.
245 _aLongmans colour geographies /
_c T. Herdman
260 _aAustralia :
_bLongmans,
300 _a39 p .:
_c20 cm .
650 _aGrasslands
942 _2ddc
_cBK